Особенности взаимодействия подземных и болотных вод в гумидных условиях умеренного и субтропического климатов (на примере объектов Западной Сибири России и Восточного Китая): автореферат диссертации на соискание ученой степени кандидата геолого-минералогических наук; спец. 1.6.6

Bibliografische gegevens
Hoofdauteur: Ян Хэн
Coauteur: Национальный исследовательский Томский политехнический университет (070)
Andere auteurs: Савичев О. Г. Олег Геннадьевич (научный руководитель)
Samenvatting:Защита сост. 21.10.2023
На правах рукописи
Taal:Russisch
Gepubliceerd in: Томск, 2023
Onderwerpen:
Formaat: Boek
KOHA link:https://koha.lib.tpu.ru/cgi-bin/koha/opac-detail.pl?biblionumber=379262

MARC

LEADER 00000nam0a2200000 4500
001 379262
005 20231204164319.0
035 |a (RuTPU)RU\TPU\retro\36725 
090 |a 379262 
100 |a 20230815d2023 k||y0rusy50 ca 
101 0 |a rus 
102 |a RU 
105 |a a dm 001yy 
181 0 |a i   |b  e  
182 0 |a n 
183 0 |a nc  |2 RDAcarrier 
200 1 |a Особенности взаимодействия подземных и болотных вод в гумидных условиях умеренного и субтропического климатов (на примере объектов Западной Сибири России и Восточного Китая)  |e автореферат диссертации на соискание ученой степени кандидата геолого-минералогических наук  |e спец. 1.6.6  |f Ян Хэн  |g Национальный исследовательский Томский политехнический университет ; науч. рук. Савичев Олег Геннадьевич 
203 |a Текст  |b визуальный  |c непосредственный 
210 |a Томск  |d 2023 
215 |a 26 с.  |c ил. 
283 |a volume  |2 RDAcarrier 
300 |a Защита сост. 21.10.2023 
320 |a Библиогр.: с. 26 (5 назв.) 
333 |a На правах рукописи 
452 1 |0 379159  |9 379159  |a Ян Хэн  |c Томск  |d 2023  |o автореферат диссертации на соискание ученой степени кандидата геолого-минералогических наук  |p 1 файл (1 308 КБ)  |t Особенности взаимодействия подземных и болотных вод в гумидных условиях умеренного и субтропического климатов (на примере объектов Западной Сибири России и Восточного Китая)  |u https://earchive.tpu.ru/handle/11683/76528 
606 1 |a Болота  |x Гидрогеохимия  |9 87396 
606 1 |a Воды подземные  |x Гидрогеохимия  |9 31613 
610 1 |a авторефераты 
610 1 |a труды учёных ТПУ 
610 1 |a болотные воды 
610 1 |a болотные экосистемы 
610 1 |a равнинные ландшафты 
610 1 |a гумидный климат 
610 1 |a Западная Сибирь 
610 1 |a Россия 
610 1 |a Китайская Народная Республика 
610 1 |a химический состав 
610 1 |a загрязнения 
610 1 |a ландшафтно-геохимические исследования 
610 1 |a статистические методы 
675 |a 556.56(04)  |v 4  |z rus 
675 |a 556.314.6(04)  |v 4  |z rus 
686 |2 oksvnk  |a 25.00.07 
700 0 |a Ян Хэн  |4 070 
702 1 |a Савичев  |b О. Г.  |c геолог  |c профессор Томского политехнического университета, доктор географических наук  |f 1967-  |g Олег Геннадьевич  |4 727  |9 11394 
712 0 2 |a Национальный исследовательский Томский политехнический университет  |c (2009- )  |9 26305  |4 070 
801 1 |a RU  |b 63413507  |c 20230815 
942 |c BK